| 000 | 00532nam a2200193Ia 4500 | ||
|---|---|---|---|
| 005 | 20250508164700.0 | ||
| 008 | 008 250505s9999 xx 000 0 eng d | ||
| 020 | _a81 250 2730 0 | ||
| 037 | _aTextual | ||
| 040 |
_aFEDL _beng _cFEDL |
||
| 041 |
_aeng _2eng |
||
| 084 |
_a954, ECO _qFEDL |
||
| 245 | 0 | _a1857: Essays from Economic and political weekly | |
| 260 |
_aNew Delhi, India _bOrient Longman _c2008 |
||
| 300 | _aviii,364p. | ||
| 365 |
_aINR _b295 |
||
| 942 |
_cTEXL _h954, ECO |
||
| 999 |
_c1390528 _d1390528 |
||